Madhyakālīna rāsa-sāhitya. (Record no. 71754)

MARC details
000 -LEADER
fixed length control field 00688cam a22002531 4500
001 - CONTROL NUMBER
control field sa 67000091
003 - CONTROL NUMBER IDENTIFIER
control field DLC
005 - DATE AND TIME OF LATEST TRANSACTION
control field 20260227112312.0
008 - FIXED-LENGTH DATA ELEMENTS--GENERAL INFORMATION
fixed length control field 890731s1966 ii b 000 0 gujo
010 ## - LIBRARY OF CONGRESS CONTROL NUMBER
LC control number sa 67000091
035 ## - SYSTEM CONTROL NUMBER
System control number (OCoLC)20105562
040 ## - CATALOGING SOURCE
Original cataloging agency DLC
Transcribing agency WaU
Modifying agency DLC
042 ## - AUTHENTICATION CODE
Authentication code premarc
043 ## - GEOGRAPHIC AREA CODE
Geographic area code a-ii---
050 00 - LIBRARY OF CONGRESS CALL NUMBER
Classification number PK1852
Item number .V3
100 1# - MAIN ENTRY--PERSONAL NAME
Personal name Vaidya, Bharati Madhukant,
Dates associated with a name 1929-
245 10 - TITLE STATEMENT
Title Madhyakālīna rāsa-sāhitya.
260 ## - PUBLICATION, DISTRIBUTION, ETC.
Date of publication, distribution, etc. [1966]
300 ## - PHYSICAL DESCRIPTION
Extent 13, 10-447, 8 p.
Dimensions 19 cm.
500 ## - GENERAL NOTE
General note Cover title: Rāsa-sāhitya.
500 ## - GENERAL NOTE
General note In Gujarati.
504 ## - BIBLIOGRAPHY, ETC. NOTE
Bibliography, etc. note Bibliography: p. [1]-8 (last group)
650 #0 - SUBJECT ADDED ENTRY--TOPICAL TERM
Topical term or geographic name entry element Gujarati poetry
General subdivision History and criticism.

No items available.

Powered by Koha